Survivor: Panama-Exile Island Contestants (Final Placements) - Statistics

General Stats
  • This quiz has been taken 222 times
  • The average score is 13 of 16
Answer Stats
Hint Answer % Correct
Winner Aras Baskauskas
95%
Runner-Up Danielle DiLorenzo
94%
3rd Terry Deitz
94%
4th Cirie Fields
93%
5th Shane Powers
93%
6th Courtney Marit
88%
16th Tina Scheer
87%
7th Bruce Kanegai
86%
11th Dan Barry
80%
9th Austin Carty
79%
13th Ruth-Marie Milliman
79%
10th Nick Stanbury
78%
14th Misty Giles
77%
15th Melinda Hyder
76%
8th Sally Schumann
76%
12th Bobby Mason
74%
No matching quizzes found
Score Distribution
Percent of People with Each Score
Percentile by Number Answered
Your Score History
You have not taken this quiz